Πειράματα φυσιολογίας
Αποθηκεύτηκε σε:
| Κύριος συγγραφέας: | |
|---|---|
| Άλλοι συγγραφείς: | , , , , |
| Μορφή: | Βιβλίο |
| Γλώσσα: | Greek English |
| Δημοσίευση: |
Αθήνα :
Παρισιάνου Α.Ε.,
c2009.
|
| Έκδοση: | 9η εκδ. |
| Θέματα: | |
| Ετικέτες: |
Προσθήκη ετικέτας
Δεν υπάρχουν, Καταχωρήστε ετικέτα πρώτοι!
|
MARC
| LEADER | 00000cam a2200000 i 4500 | ||
|---|---|---|---|
| 001 | 1/41521 | ||
| 008 | 140205s2009 gr | ||| |||| ||gre|| | ||
| 020 | |a 9789603946465 | ||
| 035 | |l 10116582 | ||
| 040 | |a GR-MyUA |b gre |e AACR2 | ||
| 041 | 1 | |a gre |h eng | |
| 082 | 0 | |a 612.0078 |2 (23) | |
| 100 | 1 | |a Tharp, Gerald D. | |
| 245 | 1 | 0 | |a Πειράματα φυσιολογίας / |c Gerald D. Tharp, David A. Woodman ; επιμέλεια Βασιλική Π. Καλφακάκου, 'Αγγελος Μ. Ευαγγέλου, Γιώργος Α. Ανωγειανάκις ; μετάφραση Αναστασιάδου Χρυσούλα... [κ.ά.]. |
| 250 | |a 9η εκδ. | ||
| 260 | |a Αθήνα : |b Παρισιάνου Α.Ε., |c c2009. | ||
| 300 | |a 293 σ. : |b εικ., πίν. ; |c 27 εκ. | ||
| 500 | |a Τίτλος πρωτοτύπου: Experiments in physiology. | ||
| 504 | |a Ευρετήριο: σ.287-289. | ||
| 650 | 0 | 0 | |a Human physiology |x Laboratory manuals. |
| 700 | 1 | |a Woodman, David A. | |
| 700 | 1 | |a Καλφακάκου, Βασιλική Π. |e edtf | |
| 700 | 1 | |a Ανωγειανάκης, Γεώργιος, |e edt | |
| 700 | 1 | |a Αναστασιάδου, Χρυσούλα, |e trlf | |
| 700 | 1 | |a Ευαγγέλου, Άγγελος Μ. |e edt | |
| 852 | |a INST |b LEMNOS |c EUDOXUS |e 20140205 |h 612.0078 THA |p 005600000940 |q 005600000940 |t EDX |y 0 | ||
| 901 | |a BIBL6-2014-1 | ||
| 909 | |a Μ |b 161216 | ||
| 920 | |a ΕΥΔΟΞΟΣ |b ΠΑΡΑΓΓΕΛΙΑ |y Λήμνος-ΤΕΤΔ |z 2014-02 | ||
| 922 | |a 6ΕΛΗ |b 201402 |c ΠΑΡΑΡΤΗΜΑ ΒΙΒΛΙΟΘΗΚΗΣ ΛΗΜΝΟΥ |d ΠΑΡΙΣΙΑΝΟΥ Α.Ε. | ||
| 970 | |a ΜΟΣΧΟΒΗ |b ΕΥΑΓΓΕΛΙΑ |z 2014/02/05 | ||